[Event "?"]
[Site "Skanska Open, Pardubice CZE"]
[Date "2004.??.??"]
[Round "4"]
[White "Klovans, Janis"]
[Black "Postny, Evgeny"]
[Result "1-0"]
[WhiteElo "2455"]
[BlackElo "2560"]

1. e4 c5 2. Nf3 e6 3. d4 cxd4 4. Nxd4 a6 5. Bd3 Bc5 6. Nb3 Be7 7. O-O d6 8.
Qg4 g6 9. Qe2 Nd7 10. Nc3 Qc7 11. f4 Ngf6 12. a4 b6 13. Bd2 O-O 14. Rae1
Bb7 15. f5 gxf5 16. exf5 e5 17. Bh6 Rfe8 18. Bc4 Bf8 19. Bxf8 Kxf8 20. Rd1
Rec8 21. Be6 Ke7 22. Nd5+ Bxd5 23. Bxd5 Nxd5 24. Rxd5 Nf6 25. Rd2 Qc6 26.
Rfd1 Rd8 27. Rd4 b5 28. a5 Rac8 29. c3 Rd7 30. h3 Rg8 31. Kh2 h5 32. Rh4
Qc7 33. Kh1 Rdd8 34. Nd4 Rg5 35. Nf3 Rxf5 36. Nd4 Rg5 37. Rf4 Nd5 38. Nf5+
Kf8 39. Rf2 Nf4 40. Qe4 d5 41. Qc2 Qc8 42. Nh4 Qe6 43. Nf3 Rg3 44. Re1 Nxg2
45. Rxe5 Qf6 46. Rf5 Qg6 47. Rxf7+ Kg8 48. Qxg6+ Rxg6 49. Ne5 Nh4 50. Nxg6
Nxg6 51. R7f5 d4 52. Rg2 Kg7 53. Rfg5 Rd6 54. cxd4 Kh6 55. Rxg6+ Rxg6 56.
Rxg6+ Kxg6 57. Kg2 1-0

[Event "?"]
[Site "Skanska Cup, Olomouc CZE"]
[Date "2004.??.??"]
[Round "6"]
[White "Balabaev, Timur"]
[Black "Postny, Evgeny"]
[Result "1/2-1/2"]
[WhiteElo "2450"]
[BlackElo "2560"]

1. e4 c5 2. Nf3 e6 3. d4 cxd4 4. Nxd4 a6 5. Bd3 Bc5 6. Nb3 Be7 7. Qg4 g6 8.
O-O d6 9. Be3 Nd7 10. a4 b6 11. Qe2 Qc7 12. N1d2 Ngf6 13. Nc4 Rb8 14. f4 d5
15. exd5 Nxd5 16. Bd4 O-O 17. Ne5 Nc5 18. Bc4 Rd8 19. Ng4 Nxb3 20. Bxb3 Bc5
21. Bxc5 bxc5 22. Rad1 h5 23. Bxd5 hxg4 24. Bc4 Rxd1 25. Qxd1 Rxb2 26. Qxg4
Rxc2 27. f5 Bb7 28. fxe6 Rxg2+ 29. Qxg2 Bxg2 30. Rxf7 Qe5 31. e7 Qe3+ 32.
Kxg2 Qe4+ 33. Kg3 Qe1+ 34. Kg2 Qe4+ 35. Kg1 Qe3+ 36. Kg2 1/2-1/2

[Event "?"]
[Site "(4eme open) Dos Hermanas ESP"]
[Date "2004.??.??"]
[Round "?"]
[White "Teran Alvarez, Ismael"]
[Black "Epishin, Vladimir V"]
[Result "1-0"]
[WhiteElo "2380"]
[BlackElo "2630"]

1. e4 c5 2. Nf3 e6 3. d4 cxd4 4. Nxd4 a6 5. Bd3 Bc5 6. Nb3 Be7 7. Be3 d6 8.
N1d2 Nf6 9. f4 e5 10. f5 d5 11. O-O Nbd7 12. Qf3 b5 13. exd5 Bb7 14. Be4
Nxe4 15. Nxe4 Nf6 16. Nxf6+ gxf6 17. Rad1 Rc8 18. Rd2 Bd6 19. Qf2 Rg8 20.
Nc5 Bxc5 21. Bxc5 Kd7 22. a4 bxa4 23. c4 Qa5 24. Bb6 Qb4 25. c5 Ba8 26. c6+
Ke8 27. Bc5 Qc4 28. Ba3 Rxc6 29. dxc6 Bxc6 30. Qa7 1-0

[Event "?"]
[Site "Monarch Assurance ;The Week in"]
[Date "2004.??.??"]
[Round "1"]
[White "Li Ruofan"]
[Black "Agrest, Evgenij"]
[Result "1/2-1/2"]
[WhiteElo "2410"]
[BlackElo "2600"]

1. e4 c5 2. Nf3 e6 3. d4 cxd4 4. Nxd4 a6 5. Bd3 Bc5 6. Nb3 Be7 7. Qg4 g6 8.
Qe2 d6 9. Nc3 Nd7 10. Bd2 Qc7 11. O-O b6 12. Rae1 Bb7 13. Kh1 h5 14. Nd4
Ngf6 15. h3 e5 16. Nf3 Nc5 17. Ng5 Nxd3 18. cxd3 h4 19. Qf3 O-O 20. Rc1 Qd8
21. Qe2 d5 22. Nf3 d4 23. Nb1 Nd7 24. Bh6 Re8 25. Nh2 Nf6 26. Nf3 Nd7 27.
Nh2 Nc5 28. f4 exf4 29. Bxf4 Bg5 30. b4 Ne6 31. Bxg5 Qxg5 32. Qf2 Rf8 33.
Nd2 f5 34. Nhf3 Qg3 35. Nxh4 Qxf2 36. Rxf2 fxe4 37. Nxe4 Bxe4 38. Rxf8+
Rxf8 39. dxe4 Rf2 40. Nxg6 Rxa2 41. Ne5 Nf4 42. Rd1 a5 43. bxa5 bxa5 44.
Rxd4 Nxg2 45. Nc4 Nh4 46. Rd3 a4 47. Ra3 Rxa3 48. Nxa3 Nf3 49. Kg2 Ng5 50.
e5 Nf7 51. Kf3 Nxe5+ 1/2-1/2

[Event "?"]
[Site "Open, Santo Domingo DOM"]
[Date "2006.??.??"]
[Round "7"]
[White "Zapata, Alonso"]
[Black "Perelshteyn, Eugene"]
[Result "1/2-1/2"]
[WhiteElo "2470"]
[BlackElo "2540"]

1. e4 c5 2. Nf3 e6 3. d4 cxd4 4. Nxd4 a6 5. Bd3 Bc5 6. Nb3 Be7 7. O-O d6 8.
Kh1 Nd7 9. f4 Ngf6 10. Qe2 Qc7 11. Nc3 b6 12. Bd2 Bb7 13. Rf3 h5 14. Rh3 g6
15. Rf1 Ng4 16. Nd1 Bf6 17. Bc3 Bxc3 18. Nxc3 Nc5 19. Nxc5 Qxc5 20. Rg3 Ke7
21. h3 b5 22. Nd1 Rac8 23. c3 Qb6 24. a3 Qc5 25. Qe1 e5 26. f5 f6 27. fxg6
Rcg8 28. Nf2 Nxf2+ 29. Rxf2 h4 30. Rg4 Bc8 31. Rf5 Bxf5 32. exf5 d5 33.
Rxh4 Rxh4 34. Qxh4 Qe3 35. Bf1 Qf4 36. Qxf4 exf4 37. Kg1 Re8 38. Kf2 Kf8
39. Be2 Re5 40. Bg4 Kg7 41. h4 d4 42. cxd4 Rd5 43. Ke2 Rxd4 44. Bf3 b4 45.
a4 b3 46. a5 Rc4 47. Kd3 Rc2 48. Bd5 Rxb2 49. Kc3 Ra2 50. Kxb3 Rxa5 51. Bf3
Rxf5 52. h5 Re5 53. Kb4 a5+ 54. Ka4 Rg5 55. Ka3 Kf8 56. Ka4 Ke7 57. Ka3 Kf8
58. Ka4 Kg7 59. Ka3 Re5 60. Ka4 Kh6 61. Ka3 Rc5 62. Ka4 Rg5 63. Ka3 Re5 64.
Ka4 f5 65. Kb3 Re4 66. Ka3 Rb4 67. Ka2 Rd4 68. Ka3 Kg7 69. Kb3 Kf6 70. Ka3
Rb4 71. Be2 Re4 72. Bf3 Re1 73. Ka4 Ra1+ 74. Kb3 Re1 75. Ka4 Re5 76. Bd1
Kg7 77. Bf3 Kh6 78. Bd1 Rc5 79. Bf3 Kg7 80. Be2 Kf6 81. Bf3 Re5 82. Bd1 Kg7
1/2-1/2

[Event "?"]
[Site "TCh-FRA Nat1 GpB, Montpellier"]
[Date "2004.??.??"]
[Round "6"]
[White "Apicella, Manuel"]
[Black "Bellaiche, Anthony"]
[Result "0-1"]
[WhiteElo "2540"]
[BlackElo "2470"]

1. e4 c5 2. Nf3 e6 3. d4 cxd4 4. Nxd4 a6 5. Bd3 Bc5 6. Nb3 Be7 7. O-O d6 8.
c4 Nd7 9. Nc3 b6 10. Bf4 Ngf6 11. Qd2 Bb7 12. Rfd1 Qc7 13. Rac1 O-O 14. f3
Rad8 15. Bf1 Ne5 16. Qf2 Ng6 17. Be3 Nd7 18. Nd4 Rfe8 19. b4 Bh4 20. Qd2 h6
21. Nb3 Be7 22. a4 Qb8 23. a5 d5 24. cxd5 exd5 25. Nxd5 Bxd5 26. exd5 Bd6
27. Nd4 Bxh2+ 28. Kh1 Rxe3 29. Qxe3 Bf4 30. Qd3 Bxc1 31. Rxc1 Qf4 32. Rd1
bxa5 33. Qe4 Qg5 34. bxa5 Nf6 35. Qf5 Qh4+ 36. Qh3 Qf2 37. Nf5 Rxd5 38. Rc1
Rxa5 39. Bc4 Qd2 40. Rb1 Nf4 41. Ne7+ Kh7 42. Bxf7 Qc2 0-1

[Event "?"]
[Site "Rilton Cup Stockholm SWE"]
[Date "2000.??.??"]
[Round "?"]
[White "Berg, Emanuel"]
[Black "Agrest, Evgenij"]
[Result "0-1"]
[WhiteElo "2455"]
[BlackElo "2550"]

1. e4 c5 2. Nf3 e6 3. d4 cxd4 4. Nxd4 a6 5. Bd3 Bc5 6. Nb3 Be7 7. Qg4 g6 8.
f4 d6 9. Nc3 Nd7 10. Be3 Ngf6 11. Qf3 h5 12. O-O-O Qc7 13. Bd4 e5 14. fxe5
Nxe5 15. Bxe5 dxe5 16. h3 Be6 17. Nd5 Bxd5 18. exd5 O-O-O 19. Rhf1 Kb8 20.
g4 hxg4 21. hxg4 Nxd5 22. Kb1 Nf4 23. Qe4 Rhf8 24. Rde1 Bd6 25. g5 Rc8 26.
Nd2 Ne6 27. Qe3 Rfe8 28. Nc4 Nf4 29. Qe4 Bb4 30. Rc1 Bc5 31. Rce1 Bd4 32.
a4 Re6 33. Rd1 Nxd3 34. cxd3 Qe7 35. Qe1 Rc7 36. Qd2 e4 37. Qh2 e3 38. Rde1
Ka7 39. Re2 Rc8 40. Qf4 Bc5 41. Qxf7 Rd8 42. Qxe7 Rxe7 43. Rf6 Rxd3 44.
Rxg6 Rd4 45. b3 Rf4 46. Rf6 Rf2 47. Rexf2 exf2 48. Kc2 Rg7 49. Nd2 Rxg5 50.
b4 Bd4 51. Rf4 Be3 52. Rf3 Bxd2 53. Kxd2 Rg4 54. b5 Rxa4 55. bxa6 Ra1 0-1

[Event "?"]
[Site "Mitropa Cup, Zemplinska Sirava"]
[Date "2004.??.??"]
[Round "1"]
[White "Horvath, Ad1"]
[Black "Manik, Mikulas"]
[Result "1-0"]
[WhiteElo "2515"]
[BlackElo "2490"]

1. e4 c5 2. Nf3 e6 3. d4 cxd4 4. Nxd4 a6 5. Bd3 Bc5 6. Nb3 Be7 7. Be3 d6 8.
f4 Qc7 9. N1d2 b6 10. Qe2 Bb7 11. O-O-O Nf6 12. Kb1 Nbd7 13. g4 Nc5 14.
Nxc5 bxc5 15. g5 Nd7 16. Rhf1 d5 17. exd5 Bxd5 18. f5 exf5 19. Bf4 Qc6 20.
Bxf5 Ra7 21. Rfe1 Nb6 22. c4 Be6 23. Bxe6 fxe6 24. Qxe6 Qxe6 25. Rxe6 O-O
26. Be3 Rb8 27. Kc2 Bf8 28. Bf4 Rbb7 29. b3 a5 30. a4 Ra8 31. Ne4 Nd7 32.
Nc3 Kf7 33. Rde1 Rc8 34. Ra6 1-0

[Event "?"]
[Site "Balaton GM Balatonlelle HUN"]
[Date "2001.??.??"]
[Round "?"]
[White "Horvath, Adam"]
[Black "Tolnai, Tibor"]
[Result "1-0"]
[WhiteElo "2500"]
[BlackElo "2505"]

1. e4 c5 2. Nf3 e6 3. d4 cxd4 4. Nxd4 a6 5. Bd3 Bc5 6. Nb3 Be7 7. Nc3 d6 8.
f4 Qc7 9. Qf3 Nc6 10. Be3 b5 11. O-O-O Bb7 12. g4 Nf6 13. g5 Nd7 14. Qh3
Nb4 15. Kb1 O-O 16. Rhg1 Nxd3 17. cxd3 b4 18. Ne2 Rfc8 19. Ned4 Nc5 20.
Nxc5 dxc5 21. g6 hxg6 22. Nxe6 Qd7 23. f5 Bf6 24. Rxg6 Bxe4 25. Rxf6 fxe6
26. fxe6 Qd5 27. Rh6 gxh6 28. Rg1+ Kf8 29. Qxh6+ 1-0

[Event "?"]
[Site "5th Amplico AIG Life, Warsaw POL"]
[Date "2005.??.??"]
[Round "6"]
[White "Hunt, Harriet"]
[Black "Stefansson, Hannes H"]
[Result "1-0"]
[WhiteElo "2420"]
[BlackElo "2585"]

1. e4 c5 2. Nf3 e6 3. d4 cxd4 4. Nxd4 a6 5. Bd3 Bc5 6. Nb3 Be7 7. O-O d6 8.
c4 Nf6 9. Nc3 O-O 10. f4 Nbd7 11. Qe2 Qc7 12. Kh1 b6 13. Nd4 Bb7 14. Bd2
Rfe8 15. Rac1 Bf8 16. Nf3 g6 17. Bb1 Bg7 18. Nd1 Rad8 19. Nf2 Qb8 20. Bc3
Qa8 21. Rce1 b5 22. e5 Nh5 23. Nh3 dxe5 24. fxe5 b4 25. Bd4 f5 26. exf6
Nhxf6 27. Ne5 Nh5 28. Rf2 Ndf6 29. Bb6 Rb8 30. Bc7 Rbc8 31. Bd6 a5 32. c5
Ba6 33. Bd3 Bxd3 34. Qxd3 Qd5 35. Qb1 Bf8 36. Nxg6 Bxd6 37. cxd6 Qxd6 38.
Ne5 Rc5 39. Rfe2 Rd5 40. Qc1 Qe7 41. Nf3 Ng7 42. Nf4 Rd6 43. Qc4 Qd8 44.
Nxe6 Nxe6 45. Rxe6 Rdxe6 46. Rxe6 Rxe6 47. Qxe6+ Kg7 48. h3 Qc7 49. Qe3 h6
50. Nd4 Qd7 51. Qe5 Kg6 52. Ne6 Qd1+ 53. Kh2 Qc1 54. Nf4+ Kf7 55. Qe6+ 1-0

[Event "?"]
[Site "NRW Sportland Cup Masters"]
[Date "1998.??.??"]
[Round "?"]
[White "Holzke, Frank"]
[Black "Glek, Igor V"]
[Result "1-0"]
[WhiteElo "2425"]
[BlackElo "2580"]

1. e4 c5 2. Nf3 e6 3. d4 cxd4 4. Nxd4 a6 5. Bd3 Bc5 6. Nb3 Be7 7. Nc3 d6 8.
f4 Nd7 9. Qf3 Qc7 10. Bd2 Ngf6 11. Qg3 g6 12. O-O b5 13. a3 Bb7 14. Rae1 e5
15. fxe5 dxe5 16. Kh1 O-O 17. Qh4 Qd8 18. Bg5 Nd5 19. Bxe7 Qxe7 20. Qxe7
Nxe7 21. Na5 Ra7 22. a4 bxa4 23. Nxb7 Rxb7 24. Nxa4 a5 25. Bc4 Kg7 26. Rf3
Rc7 27. Bb3 Nc8 28. Rc3 Rxc3 29. Nxc3 Ncb6 30. Ra1 Ra8 31. Rf1 Nf6 32. Rd1
a4 33. Ba2 a3 34. bxa3 Rxa3 35. Bb3 Ra5 36. Kg1 Nbd7 37. Kf2 Nc5 38. Kf3
Ra3 39. Nb5 Ra6 40. Nd6 Nxb3 41. cxb3 Rb6 42. Rd3 h5 43. h3 Nh7 44. Ke3 Ng5
45. Nc4 Rb5 46. Nd2 Kf6 47. Nb1 Ne6 48. Nc3 Rb7 49. Nd5+ Kg5 50. b4 f5 51.
Rb3 Nc5 52. Rb1 Nxe4 53. b5 Nc5 54. b6 f4+ 55. Kd2 Rd7 56. Kc3 Ne4+ 57. Kc2
Nd6 58. Kc3 Kf5 59. Kb4 g5 60. Kc5 1-0

[Event "?"]
[Site "Perenyi Memorial"]
[Date "1997.??.??"]
[Round "?"]
[White "Sax, Gyula"]
[Black "Agrest, Evgenij"]
[Result "1/2-1/2"]
[WhiteElo "2545"]
[BlackElo "2460"]

1. e4 c5 2. Nf3 e6 3. d4 cxd4 4. Nxd4 a6 5. Bd3 Bc5 6. Nb3 Be7 7. Nc3 d6 8.
f4 Nd7 9. Qf3 Qc7 10. Bd2 b6 11. e5 Bb7 12. exd6 Bxf3 13. dxc7 Bb7 14. f5
e5 15. Be4 Bxe4 16. Nxe4 Rc8 17. Be3 Rxc7 18. O-O-O Ngf6 19. Nbd2 Rc6 20.
Rhe1 g6 21. Rf1 1/2-1/2

[Event "?"]
[Site "Moscow Ch"]
[Date "1981.??.??"]
[Round "?"]
[White "Vasiukov, Evgeni A"]
[Black "Suetin, Alexei S"]
[Result "1/2-1/2"]
[WhiteElo "2545"]
[BlackElo "2460"]

1. e4 c5 2. Nf3 e6 3. d4 cxd4 4. Nxd4 a6 5. Bd3 Bc5 6. Nb3 Bb6 7. Qe2 Nc6
8. Be3 Nf6 9. Nc3 d6 10. O-O-O Bxe3+ 11. Qxe3 O-O 12. f4 Qc7 13. Be2 b5 14.
g4 b4 15. g5 Ne8 16. Nb1 a5 17. Rhf1 e5 18. f5 a4 19. Na1 Nd4 20. Rxd4 exd4
21. Qxd4 Qc5 22. Rd1 g6 23. fxg6 Qxg5+ 24. Nd2 hxg6 25. Qxb4 Be6 26. Qd4
Nf6 27. c4 Qe5 28. Nc2 Kg7 29. Qxe5 dxe5 30. Ne3 Rh8 31. Nef1 Rad8 32. b3
Rd4 33. Bf3 Bg4 34. Re1 Bxf3 35. Nxf3 Rxe4 36. Rxe4 Nxe4 37. Nxe5 a3 38.
Kc2 Rh3 39. Nd3 Rf3 40. Ng3 Nxg3 41. hxg3 Rxg3 42. b4 Kf8 43. b5 Ke7 44. c5
Rh3 45. b6 Rh8 46. Nb4 g5 47. b7 g4 48. Kd3 Kd7 49. Na6 g3 50. Ke3 Kc6 51.
b8=Q Rxb8 52. Nxb8+ Kxc5 53. Kf3 Kc4 1/2-1/2

[Event "?"]
[Site "10th Cvitanovic Memorial"]
[Date "2005.??.??"]
[Round "?"]
[White "Medvegy, Zoltan"]
[Black "Kurajica, Bojan"]
[Result "1/2-1/2"]
[WhiteElo "2470"]
[BlackElo "2535"]

1. e4 c5 2. Nf3 e6 3. d4 cxd4 4. Nxd4 a6 5. Bd3 Bc5 6. Nb3 Be7 7. Qg4 Nf6
8. Qxg7 Rg8 9. Qh6 Nc6 10. O-O Ne5 11. f3 b5 12. Nc3 1/2-1/2

[Event "?"]
[Site "Cappelle Open"]
[Date "1995.??.??"]
[Round "?"]
[White "Ulibin, Mikhail"]
[Black "Gofshtein, Zeev-Alon"]
[Result "0-1"]
[WhiteElo "2540"]
[BlackElo "2465"]

1. e4 c5 2. Nf3 e6 3. d4 cxd4 4. Nxd4 a6 5. Bd3 Bc5 6. Nb3 Be7 7. O-O Nc6
8. Qg4 Nf6 9. Qxg7 Rg8 10. Qh6 b5 11. a4 b4 12. N1d2 Ne5 13. h3 d5 14. Qe3
Bb7 15. f4 Nc4 16. Bxc4 dxc4 17. Nd4 c3 18. bxc3 bxc3 19. N2f3 Nxe4 20. f5
e5 21. Nb3 Ng3 22. Re1 Nxf5 23. Qxe5 Qb6+ 24. Be3 Qg6 25. g4 Bxf3 26. Bc5
Qh5 27. Kh2 Rxg4 28. Qh8+ Kd7 29. Rad1+ Bd6+ 30. Rxd6+ Nxd6 31. Re7+ Kxe7
32. Bxd6+ Kxd6 33. Qf6+ Kd7 34. Nc5+ Qxc5 35. Qxf7+ Qe7 0-1

[Event "?"]
[Site "ch-SWE, Goeteborg SWE"]
[Date "2005.??.??"]
[Round "5"]
[White "Olsson, Anders"]
[Black "Agrest, Evgenij"]
[Result "1/2-1/2"]
[WhiteElo "2415"]
[BlackElo "2590"]

1. e4 c5 2. Nf3 e6 3. d4 cxd4 4. Nxd4 a6 5. Bd3 Bc5 6. Nb3 Be7 7. O-O d6 8.
c4 b6 9. Nc3 Bb7 10. Be3 Nf6 11. f4 Nbd7 12. Qf3 Qc7 13. Qh3 g6 14. Rad1 h5
15. f5 gxf5 16. exf5 e5 17. Be2 Rc8 18. Nd2 Qb8 19. a4 Qa8 20. Bf3 Rg8 21.
Bxb7 Qxb7 22. Qf3 Qxf3 23. Rxf3 Kd8 24. Bf2 Kc7 25. b3 Rcd8 26. Kf1 Kb7 27.
Bh4 d5 28. cxd5 Nxd5 29. Bxe7 Nxe7 30. Nc4 Nc5 31. Rxd8 Rxd8 32. Nxe5 f6
33. Ng6 Nc6 34. Rh3 Rd2 35. Rxh5 Nd4 36. Nf4 Ncxb3 37. Rh7+ Kb8 38. g4 Rc2
39. Nce2 Nxe2 40. Nxe2 Nd2+ 41. Kf2 Rc4 42. Rg7 b5 43. axb5 axb5 44. Ke3
Nf1+ 45. Kd3 Nxh2 46. Nd4 Kc8 47. g5 fxg5 48. Nxb5 Rf4 49. Rxg5 Ng4 50. Rg7
Nh6 51. Nd6+ Kd8 52. Ke3 Nxf5+ 53. Kxf4 Nxg7 1/2-1/2

[Event "?"]
[Site "3rd Asean GM, Bangkok THA"]
[Date "2004.??.??"]
[Round "6"]
[White "Yu Shaoteng"]
[Black "Zaw Win Lay"]
[Result "1-0"]
[WhiteElo "2475"]
[BlackElo "2530"]

1. e4 c5 2. Nf3 e6 3. d4 cxd4 4. Nxd4 Qb6 5. Nc3 Bc5 6. Na4 Qa5+ 7. c3 Bxd4
8. Qxd4 Nf6 9. Nc5 Nc6 10. Qd6 b6 11. Nb3 Qe5 12. Qxe5 Nxe5 13. f4 Ng6 14.
e5 Nd5 15. g3 Bb7 16. Bg2 O-O-O 17. O-O d6 18. exd6 Rxd6 19. Nd4 Rd7 20. a4
Nde7 21. a5 Bxg2 22. Kxg2 Kb7 23. Be3 Nc6 24. axb6 axb6 25. Nxc6 Kxc6 26.
Ra6 Rb8 27. c4 Ne7 28. b4 Nf5 29. Bg1 Rd3 30. c5 Ne3+ 31. Bxe3 Rxe3 32. Rc1
Rb7 33. cxb6+ Kb5 34. Rca1 Rc3 35. R1a5+ Kxb4 36. Ra7 Rc2+ 37. Kh3 Rxb6 38.
Ra1 f5 39. Rxg7 Kc5 40. Rc7+ Rc6 41. Rxh7 Re2 42. Rh1 Kd5 43. Kh4 Ke4 44.
Kg5 Kf3 45. Ra1 Re3 46. Ra5 Kg2 47. Re5 Re4 48. Rh6 Ra6 49. Rxf5 1-0

[Event "?"]
[Site "ol (Men) Istanbul TUR"]
[Date "2000.??.??"]
[Round "?"]
[White "Spraggett, Kevin B"]
[Black "Gunawan, Ruben"]
[Result "1-0"]
[WhiteElo "2500"]
[BlackElo "2500"]

1. e4 c5 2. Nf3 e6 3. d4 cxd4 4. Nxd4 a6 5. Bd3 Bc5 6. Nb3 Be7 7. O-O Nc6
8. c4 Nf6 9. Nc3 O-O 10. Bf4 d6 11. Re1 b6 12. Rc1 Bb7 13. Bf1 Rc8 14. a3
Ne5 15. Nd2 Qc7 16. b4 Rfd8 17. Bg3 Qb8 18. h3 Nfd7 19. f4 Ng6 20. Nf3 Bf6
21. Qd2 Bxc3 22. Rxc3 Nf6 23. f5 Ne5 24. Nxe5 dxe5 25. Qc2 Rd4 26. fxe6
fxe6 27. Bd3 Bc6 28. c5 b5 29. Bf2 Rd7 30. Qb3 Re8 31. Bb1 Qb7 32. Rd3 Rde7
33. Rde3 Nh5 34. Qb2 Qc7 35. Rd3 Nf4 36. Rd6 Ng6 37. Bg3 Rd7 38. Bxe5 Rxd6
39. Bxd6 Qd8 40. Rf1 Qg5 41. Kh2 h5 42. Qc1 Qh4 43. g3 Qd8 44. e5 Nh8 45.
Qc2 g6 46. Rf6 Qd7 47. Qf2 Qg7 48. Ba2 Bd7 49. Qf3 Qh6 50. Qf4 Qxf4 51.
gxf4 Kg7 52. c6 Bc8 53. c7 Bd7 54. Bb1 Bc8 55. Be4 Rg8 56. Kg3 Bd7 57. Kf2
Rc8 58. Ke3 1-0

[Event "?"]
[Site "Elgoibar ESP"]
[Date "2001.??.??"]
[Round "?"]
[White "Vehi Bach, Victor M"]
[Black "Korneev, Oleg"]
[Result "1-0"]
[WhiteElo "2450"]
[BlackElo "2550"]

1. e4 c5 2. Nf3 e6 3. d4 cxd4 4. Nxd4 a6 5. Bd3 Bc5 6. Nb3 Be7 7. Nc3 d6 8.
f4 b5 9. Qf3 Bb7 10. Bd2 Nf6 11. O-O-O b4 12. Ne2 a5 13. Kb1 Nbd7 14. g4 d5
15. Ng3 dxe4 16. Nxe4 Qc7 17. g5 Nxe4 18. Bxe4 Bxe4 19. Qxe4 Rc8 20. f5
exf5 21. Qxf5 Nc5 22. Bf4 g6 23. Qg4 Qb7 24. Nxa5 Qa6 25. Bd6 Ra8 26. Bxe7
Kxe7 27. Qd4 Rhc8 28. Rhe1+ Ne6 29. Qf6+ Ke8 30. Rd7 Kxd7 31. Qxf7+ 1-0

[Event "?"]
[Site "Open Katowice POL"]
[Date "1992.??.??"]
[Round "?"]
[White "Dvoirys, Semen I"]
[Black "Kveinys, Aloyzas"]
[Result "1-0"]
[WhiteElo "2515"]
[BlackElo "2485"]

1. e4 c5 2. Nf3 e6 3. d4 cxd4 4. Nxd4 Qb6 5. Nc3 Bc5 6. Na4 Qa5+ 7. c3 Bxd4
8. Qxd4 Nf6 9. Nc5 Nc6 10. Qe3 O-O 11. Be2 Qb6 12. f3 d5 13. O-O e5 14.
exd5 Nxd5 15. Qf2 Bf5 16. Bc4 Rad8 17. Bg5 f6 18. Rad1 Ne7 19. Bc1 Qc6 20.
Bb3 b6 21. Ne4 Be6 22. Qe2 a5 23. Qc4 Qxc4 24. Bxc4 Rc8 25. Bb3 Rfd8 26. c4
Nf4 27. Bxf4 exf4 28. Nd6 Rc5 29. Nb7 Rxd1 30. Rxd1 Re5 31. Rd6 a4 32. Rd8+
Kf7 33. Nd6+ Kg6 34. Bxa4 Nf5 35. Bc2 Re2 36. Bd3 Rxb2 37. h4 Rxa2 38. Kh2
Ra1 39. Be4 Rd1 40. h5+ Kg5 41. Nxf5 Rxd8 42. Nxg7 Kh6 43. Nxe6 Rd1 44. Bb7
f5 45. Ba6 Rd6 46. Nxf4 Kg5 47. Kg3 Kf6 48. Kf2 Kg5 49. g3 Rd2+ 50. Ke3 Ra2
51. Bb7 Ra3+ 52. Kd4 Ra1 53. Bc6 Rc1 54. Bd5 Kf6 55. Ne2 Ra1 56. Ke3 Ke5
57. f4+ Kf6 58. Bb7 Re1 59. Bc6 h6 60. Kf2 Rb1 61. Nc3 Rb2+ 62. Ke3 Ke6 63.
Nb5 Rb3+ 64. Kf2 Rb2+ 65. Kf3 Rb3+ 66. Kg2 Rb2+ 67. Kh3 Rd2 68. Bb7 Rd8 69.
Nc7+ Kd6 70. Nd5 Kc5 71. Ba6 Re8 72. Bb5 Re2 73. Nc3 Re6 74. Kg2 Kd4 75.
Nd5 Ke4 76. Kf2 Rd6 77. Ba4 Kd4 78. Ne3 Kd3 79. Nxf5 Rf6 80. Ne3 Re6 81.
Bc2+ Kd2 82. Nf5 Rc6 83. Bb1 Rxc4 84. Nxh6 Rc6 85. Ng4 b5 86. f5 Rc8 87. f6
Rf8 88. Bg6 b4 89. f7 b3 90. Ne5 b2 91. g4 Kc3 92. Ke3 1-0

[Event "?"]
[Site "Open New York, NY USA"]
[Date "2000.??.??"]
[Round "?"]
[White "Becerra Rivero, Julio"]
[Black "Kekelidze, Mikheil"]
[Result "1/2-1/2"]
[WhiteElo "2540"]
[BlackElo "2460"]

1. e4 c5 2. Nf3 e6 3. d4 cxd4 4. Nxd4 a6 5. Bd3 Bc5 6. Nb3 Bb6 7. c4 d6 8.
Nc3 Nc6 9. Qe2 Nge7 10. Be3 O-O 11. O-O e5 12. Rad1 Nd4 13. Bxd4 exd4 14.
Nd5 Nxd5 15. exd5 Re8 16. Qf3 Qg5 17. Bb1 Re5 18. Rde1 g6 19. Qg3 Qxg3 20.
hxg3 Rxe1 21. Rxe1 Bd7 22. Kf1 Kf8 23. Bd3 a5 24. Nd2 a4 25. Ne4 Bf5 26. g4
Bxe4 27. Bxe4 1/2-1/2

[Event "?"]
[Site "Acropolis GM ;The Week in Ches"]
[Date "2004.??.??"]
[Round "9"]
[White "Mastrovasilis, Dimitrios"]
[Black "Shavtvaladze, Nikoloz"]
[Result "1-0"]
[WhiteElo "2570"]
[BlackElo "2430"]

1. e4 c5 2. Nf3 e6 3. d4 cxd4 4. Nxd4 a6 5. Bd3 Bc5 6. Nb3 Be7 7. Qg4 g6 8.
Qe2 d6 9. O-O Nd7 10. Nc3 Qc7 11. Kh1 b6 12. Bd2 Bb7 13. Rae1 Ngf6 14. f4
O-O 15. f5 exf5 16. exf5 Rfe8 17. fxg6 hxg6 18. Qf2 Ne5 19. Nd4 Nfg4 20.
Qf4 Bf8 21. Qg3 Nxd3 22. cxd3 Rxe1 23. Rxe1 Ne5 24. Nf5 Qd7 25. Rf1 Re8 26.
b3 Qe6 27. h3 b5 28. d4 Nf3 29. d5 Qxf5 30. Rxf3 Qh5 31. Bg5 b4 32. Qf4 f5
33. g4 Qh7 34. Qxb4 fxg4 35. Qxg4 Bc8 36. Qg3 Bf5 37. Bf4 Qd7 38. Kh2 Bg7
39. Bxd6 Bxc3 40. Rxc3 Re2+ 41. Kg1 Be4 42. Qf4 Rg2+ 43. Kf1 Qb5+ 44. Rc4
Bxd5 45. Qf8+ Kh7 46. Qe7+ Kg8 47. Qd8+ Kh7 48. Qc7+ Kg8 49. Be5 Kf8 50.
Bd6+ Kg8 51. Be5 Kf8 52. Bf6 Bxc4+ 53. bxc4 Qf5+ 54. Kxg2 Qxf6 55. c5 Kg8
56. Qd6 Qg5+ 57. Kf3 Qf5+ 58. Ke2 Qe4+ 59. Kf2 Qf5+ 60. Ke2 Qe4+ 61. Kd2
Qg2+ 62. Kc3 Qxh3+ 63. Kb4 Qh4+ 64. Ka5 g5 65. c6 Qc4 66. Kb6 Qb5+ 67. Ka7
a5 68. Qb8+ 1-0

[Event "?"]
[Site "A rapid Cap d'Agde FRA"]
[Date "1998.??.??"]
[Round "?"]
[White "Kobese, Watu"]
[Black "Dorfman, Josif D"]
[Result "0-1"]
[WhiteElo "2415"]
[BlackElo "2585"]

1. e4 c5 2. Nf3 e6 3. d4 cxd4 4. Nxd4 a6 5. Bd3 Bc5 6. Nb3 Be7 7. O-O d6 8.
a4 b6 9. Be3 Nf6 10. a5 b5 11. N1d2 Nbd7 12. f4 Bb7 13. g4 Nc5 14. Nxc5
dxc5 15. g5 Nd7 16. c4 b4 17. Nb3 e5 18. Qf3 exf4 19. Bxf4 O-O 20. Qg3 Qc8
21. Rad1 Qc6 22. Bc2 Qe6 23. Bd6 Rae8 24. e5 g6 25. Qf4 Bxd6 26. Rxd6 Qe7
27. Rb6 Nxe5 28. Rf6 Qc7 29. Be4 Bxe4 30. Qxe4 Qc8 31. Qf4 Nd3 32. Qf3 Ne5
33. Qf4 Re7 34. Nd2 Nd3 35. Qf3 Nxb2 36. Rc6 Qd8 37. Nb3 Nxc4 38. Rxc5 Nd2
39. Nxd2 Qxd2 40. Rd5 Qa2 41. Rfd1 Rfe8 42. Rd8 Qxa5 43. Qa8 Qxg5+ 44. Kh1
Rxd8 45. Rxd8+ Kg7 46. Rg8+ Kh6 47. Re8 Qc1+ 48. Kg2 Qd2+ 0-1

[Event "?"]
[Site "Liepajas Rokade, Liepaja LAT"]
[Date "2006.??.??"]
[Round "3"]
[White "Antoms, Guntars"]
[Black "Ehlvest, Jaan"]
[Result "1/2-1/2"]
[WhiteElo "2410"]
[BlackElo "2590"]

1. e4 c5 2. Nf3 e6 3. d4 cxd4 4. Nxd4 a6 5. Bd3 Bc5 6. Nb3 Be7 7. e5 Nc6 8.
Bf4 d6 9. exd6 Bxd6 10. Bxd6 Qxd6 11. Nc3 Qe5+ 12. Qe2 Nf6 13. O-O-O Qxe2
14. Bxe2 Ke7 1/2-1/2

[Event "?"]
[Site "Bundesliga GER"]
[Date "1999.??.??"]
[Round "?"]
[White "Heinemann, Thies"]
[Black "Kveinys, Aloyzas"]
[Result "0-1"]
[WhiteElo "2485"]
[BlackElo "2515"]

1. e4 c5 2. Nf3 e6 3. d4 cxd4 4. Nxd4 a6 5. Bd3 Bc5 6. Nb3 Be7 7. c4 d6 8.
O-O Nf6 9. Nc3 Nbd7 10. f4 O-O 11. Qe2 Qc7 12. Bd2 Rd8 13. Rae1 b6 14. Bb1
Bb7 15. e5 Ne8 16. Ne4 Nf8 17. Rc1 Ng6 18. Bc3 dxe5 19. fxe5 Nxe5 20. Qh5
f5 21. Ng5 Bxg5 22. Qxg5 Ng4 23. Qf4 Qxf4 24. Rxf4 Nd6 25. Re1 Re8 26. c5
bxc5 27. Nxc5 Bd5 28. h3 Nf6 29. Ra4 Nfe4 30. Nxe4 Nxe4 31. Bxe4 Bxe4 32.
Ra5 Red8 33. Kf2 Rd6 34. Rc5 Ra7 35. Re2 Rad7 36. Re3 Kf7 37. Rc8 Rd8 38.
Rc7+ R6d7 39. Rxd7+ Rxd7 40. Re2 g5 41. g3 Kg6 42. a3 Rd1 43. Re1 Rxe1 44.
Bxe1 Bc6 45. Bc3 h5 46. Be5 f4 47. g4 Ba4 48. Ke2 Bb3 49. Ke1 a5 50. Ke2 a4
51. Ke1 Bc4 52. Kf2 Bd3 53. Bc3 Bc2 54. Ke2 hxg4 55. hxg4 Kf7 56. Bd4 Ke7
57. Be5 Bb3 58. Kd2 Kd7 59. Kd3 Bd1 60. Bf6 e5 61. Bxg5 Bxg4 62. Kc4 Be6+
63. Kc5 Bb3 64. Bh4 Ke6 65. Be1 Kf5 66. Kd6 e4 67. Kc5 Kg4 68. Kd4 Kf3 69.
Bh4 e3 70. Kd3 Kg2 71. Ke4 Kf1 0-1

[Event "?"]
[Site "6th EICC, Warsaw POL"]
[Date "2005.??.??"]
[Round "12"]
[White "Romanov, Evgeny"]
[Black "Neverov, Valeriy"]
[Result "1/2-1/2"]
[WhiteElo "2435"]
[BlackElo "2565"]

1. e4 c5 2. Nf3 e6 3. d4 cxd4 4. Nxd4 a6 5. Bd3 Bc5 6. Nb3 Be7 7. f4 d6 8.
Be3 Nd7 9. Qf3 Qc7 10. O-O b6 11. c4 Bb7 12. Nc3 Ngf6 13. Qh3 h5 14. Rac1
Nc5 15. Nxc5 dxc5 16. Rcd1 Rd8 17. Bc1 g6 18. f5 gxf5 19. Nd5 exd5 20. exd5
Ng4 21. Rde1 Kf8 22. Rxf5 Bc8 23. Bf4 Bd6 24. Rxh5 Nh6 25. Rxh6 Bxh3 26.
Rxh8+ Kg7 27. Rh7+ Kg8 28. Bxd6 Qxd6 29. Rxh3 Qf6 30. Rg3+ Kh8 31. Rf1 Qd4+
32. Kh1 Re8 33. b3 Re3 34. Rxe3 Qxe3 35. Rd1 Qe5 36. Bf1 1/2-1/2